000 00374 a2200157 4500
001 47341
020 _a97885108131143
040 _cAnchieta - Aquarius
100 _aMachado, Ana Maria
240 1 0 _aHistória meio ao contrário
_lpor
245 1 0 _aHistória meio ao contrário
300 _a48p.
362 0 _a2013
650 4 _aLiteratura infanto-juvenil
942 _cBK
999 _c47341
_d47341